00401nam a2200121Ia 4500008004100000245010700041260003500148260000900183300000800192650001800200650001500218856004600233170221s9999 xx 000 0 und d 3aAn Examination of Perceived Relational Messages that Accompany Interpersonal Communication Motivations bThe Open Communication Journal c2012 a6 : xCommunication xMedia Arts uhttps://benthamopen.com/TOCOMMJ/VOLUME/6/